书目信息 |
| 题名: |
新版国家基本药物临床应用及处方集
|
|
| 作者: | 张峰 , 王艳春 , 邢月利 主编 | |
| 分册: | ||
| 出版信息: | 北京 科学技术文献出版社 2013 |
|
| 页数: | 196页 | |
| 开本: | 26cm | |
| 丛书名: | ||
| 单 册: | ||
| 中图分类: | R925 | |
| 科图分类: | ||
| 主题词: | 药物--处方--汇编 | |
| 电子资源: | ||
| ISBN: | 978-7-5023-8444-9 | |
| 000 | 00940nam0 2200253 450 | |
| 001 | 012015000182 | |
| 005 | 20150914161307.46 | |
| 010 | @a978-7-5023-8444-9@dCNY40.00 | |
| 100 | @a20141231d2013 em y0chiy50 ea | |
| 101 | 0 | @achi |
| 102 | @aCN@b110000 | |
| 105 | @ay z 000yy | |
| 106 | @ar | |
| 200 | 1 | @a新版国家基本药物临床应用及处方集@Axin ban guo jia ji ben yao wu lin chuang ying yong ji chu fang ji@f张峰,王艳春,邢月利主编 |
| 210 | @a北京@c科学技术文献出版社@d2013 | |
| 215 | @a196页@d26cm | |
| 330 | @a本书包括19项内容,即:急诊及危重症、感染性疾病、呼吸系统疾病、消化系统疾病、心血管系统疾病、血液系统疾病、内分泌和代谢性疾病、神经系统疾病、精神障碍、风湿免疫性疾病等。 | |
| 606 | 0 | @a药物@x处方@j汇编 |
| 690 | @aR925@v5 | |
| 701 | 0 | @a张峰@Azhang feng@f(1974~)@4主编 |
| 701 | 0 | @a王艳春@Awang yan chun@4主编 |
| 701 | 0 | @a邢月利@Axing yue li@4主编 |
| 801 | 0 | @aCN@b碧洲教育@c20150716 |
| 905 | @a10447@f3@dR925@e96 | |
| 新版国家基本药物临床应用及处方集/张峰,王艳春,邢月利主编.-北京:科学技术文献出版社,2013 |
| 196页;26cm |
| ISBN 978-7-5023-8444-9:CNY40.00 |
| 本书包括19项内容,即:急诊及危重症、感染性疾病、呼吸系统疾病、消化系统疾病、心血管系统疾病、血液系统疾病、内分泌和代谢性疾病、神经系统疾病、精神障碍、风湿免疫性疾病等。 |
| ● |
| 相关链接 |
|
|
|
|
正题名:新版国家基本药物临床应用及处方集
索取号:R925/96
 
预约/预借
| 序号 | 登录号 | 条形码 | 馆藏地/架位号 | 状态 | 备注 |
| 1 | 0870351 | 208703517 | 第二样本阅览室/ [索取号:R925/96] | 在馆 | |
| 2 | 0870352 | 208703526 | 密集书库-生命科学系/ [索取号:R925/96] | 在馆 | |
| 3 | 0870353 | 208703535 | 第三借阅区/ [索取号:R925/96] | 在馆 |